La perception du secteur privé des services des Intérets communautaires pour una libération du Commerce International des services; document
Guardado en:
| Autor Corporativo: | |
|---|---|
| Formato: | Texto |
| Publicado: |
Bruselas:
CEE
|
| Etiquetas: |
Agregar Etiqueta
Sin Etiquetas, Sea el primero en etiquetar este registro!
|
MARC
| LEADER | 00000 a a2200000 04500 | ||
|---|---|---|---|
| 001 | 23431 | ||
| 003 | |||
| 040 | |||
| 020 | |a 92-825-4894-5 | ||
| 090 | |a 162900 | ||
| 110 | |a Commission des Communautés Européennes | ||
| 245 | |a La perception du secteur privé des services des Intérets communautaires pour una libération du Commerce International des services; document | ||
| 260 | |a Bruselas: |b CEE | ||
| 300 | |a 196 p |b **no definido** | ||
| 999 | |c 10476 |d 10476 | ||



